书目信息 |
| 题名: |
一眼就把人看透
|
|
| 作者: | 万钟 , 李广 编著 | |
| 分册: | ||
| 出版信息: | 北京 中国华侨出版社 2005.10 |
|
| 页数: | 241页 | |
| 开本: | 23cm | |
| 丛书名: | ||
| 单 册: | ||
| 中图分类: | B841.5 | |
| 科图分类: | ||
| 主题词: | 观察法--guan cha fa--基本知识 | |
| 电子资源: | ||
| ISBN: | 7-80120-989-3 | |
| 000 | 00912nam0 2200241 450 | |
| 001 | 012006331148 | |
| 005 | 20060926150203.78 | |
| 010 | @a7-80120-989-3@dCNY25.00 | |
| 100 | @a20060727d2005 km y0chiy0120 ea | |
| 101 | 0 | @achi |
| 102 | @aCN@b110000 | |
| 105 | @ay z 000yy | |
| 200 | 1 | @a一眼就把人看透@Ayi yan jiu ba ren kan tou@e做人做事第一项修炼@f万钟, 李广编著@Fwan zhong,li guang bian zhu |
| 210 | @a北京@c中国华侨出版社@d2005.10 | |
| 215 | @a241页@d23cm | |
| 330 | @a本书从外貌特征、言谈话语、行为举止、衣着打扮、生活习惯、兴趣爱好,社交场合七个方面对看人识人做了详细的分析与介绍,涉及人的方方面面,内容广泛,文字通俗,条理清晰。 | |
| 517 | 1 | @a做人做事第一项修炼@Azuo ren zuo shi di yi xiang xiu lian |
| 606 | 0 | @a观察法@Aguan cha fa@x基本知识 |
| 690 | @aB841.5@v4 | |
| 701 | 0 | @a万钟@Awan zhong@4编著 |
| 701 | 0 | @a李广@Ali guang@4编著 |
| 801 | 0 | @aCN@c20060926 |
| 905 | @a10447@dB841.5@eW046 | |
| 一眼就把人看透:做人做事第一项修炼/万钟, 李广编著.-北京:中国华侨出版社,2005.10 |
| 241页;23cm |
| ISBN 7-80120-989-3:CNY25.00 |
| 本书从外貌特征、言谈话语、行为举止、衣着打扮、生活习惯、兴趣爱好,社交场合七个方面对看人识人做了详细的分析与介绍,涉及人的方方面面,内容广泛,文字通俗,条理清晰。 |
| ● |
| 相关链接 |
|
|
|
正题名:一眼就把人看透
索取号:B841.5/W046
 
预约/预借
| 序号 | 登录号 | 条形码 | 馆藏地/架位号 | 状态 | 备注 |
| 1 | 598688 | 205986888 | 社科库509/509社科库 35排4列2层/ [索取号:B841.5/W046] | 在馆 | |
| 2 | 598689 | 205986897 | 社科库509/509社科库 35排3列2层/ [索取号:B841.5/W046] |
已借出,限还日期为2026.09.30 借出人:张冠琼 |
|
| 3 | 598690 | 205986904 | 社科库509/509社科库 35排4列2层/ [索取号:B841.5/W046] | 在馆 |